Ramiro Guzmán : (Record no. 173520)

MARC details
000 -LEADER
campo de control de longitud fija 00684nam a22002175i 4500
001 - NÚMERO DE CONTROL
campo de control 173520
003 - IDENTIFICADOR DE NÚMERO DE CONTROL
campo de control ES-MaACL
005 - FECHA Y HORA DE LA ÚLTIMA TRANSACCIÓN
campo de control 20250628063348.0
008 - DATOS DE LONGITUD FIJA--INFORMACIÓN GENERAL
campo de control de longitud fija 091204s2002 uy |||| | spa d
020 ## - NÚMERO INTERNACIONAL ESTÁNDAR DEL LIBRO
Número Internacional Estándar del Libro 9974-1-0253-7
080 ## - NÚMERO DE LA CLASIFICACIÓN DECIMAL UNIVERSAL
Número de la Clasificación Decimal Universal 821.134.2(899)-32"19"
100 1# - ENTRADA PRINCIPAL--NOMBRE DE PERSONA
Nombre de persona Cipriani, Carlos.
9 (RLIN) 141725
Término indicativo de función/relación Autor
245 10 - MENCIÓN DEL TÍTULO
Título Ramiro Guzmán :
Resto del título el vacío repleto /
Mención de responsabilidad, etc. Carlos Cipriani.
260 ## - PUBLICACIÓN, DISTRIBUCIÓN, ETC.
Lugar de publicación, distribución, etc. Montevideo :
Nombre del editor, distribuidor, etc. La Banda Oriental,
Fecha de publicación, distribución, etc. 2002.
300 ## - DESCRIPCIÓN FÍSICA
Extensión 239 páginas ;
Dimensiones 22 cm.
500 ## - NOTA GENERAL
Nota general Donativo doctor Calles
852 ## - LOCALIZACIÓN
Ubicación ES-MaACL
Número de control de estantería E-13220
Ubicación en estantería Depósito 2
Donativo/Legado Donativo doctor Calles
942 ## - ELEMENTOS DE ENTRADA SECUNDARIOS (KOHA)
Fuente del sistema de clasificación o colocación Clasificación decimal universal
Tipo de ítem Koha Libro impreso
Suprimir en OPAC No
Holdings
Estatus retirado Estado de pérdida Estado de daño No para préstamo Biblioteca de origen Biblioteca actual Ubicación en estantería Fecha de adquisición Fuente de adquisición Total de préstamos Signatura topográfica completa Código de barras Visto por última vez Precio de reemplazo Tipo de ítem Koha
        Biblioteca del Ateneo de Madrid Biblioteca del Ateneo de Madrid Depósito 2 04/12/2009     E-13220 1182099 23/02/2023 23/02/2023 Libro impreso